Faith-based perspectives on the provision of community services : hearing before the Subcommittee on Criminal Justice, Drug Policy and Human Resources of the Committee on Government Reform, House of Representatives, One Hundred Eighth Congress, first session, December 10, 2003.

Bibliographic Details
Corporate Authors: United States. Congress. House. Committee on Government Reform. Subcommittee on Criminal Justice, Drug Policy, and Human Resources, ProQuest (Firm)
Format: eBook
Language:English
Published: Washington : U.S. G.P.O. : 2004.
Series:U.S. Congressional Hearings.
Subjects:
Online Access:Connect to the full text of this electronic book

MARC

Tag First Indicator Second Indicator Subfields
LEADER 00000cam a22000001a 4500
001 in00003328708
006 m d f
007 cr bn mmmapmmp
008 110909s2004 dcu o f000 0 eng d
005 20260604203203.0
035 |a chdc200400508 
040 |a ProQuest  |c ProQuest  |d UtOrBLW 
043 |a n-us--- 
074 |a 1016-A 
074 |a 1016-A (online) 
074 |a 1016-B (MF) 
074 |a 1016-B (online) 
088 |a Serial no. 108-148 (United States. Congress. House. Committee on Government Reform) 
099 |a HRG-2004-HJH-0041 
110 1 |a United States.  |b Congress.  |b House.  |b Committee on Government Reform.  |b Subcommittee on Criminal Justice, Drug Policy, and Human Resources. 
245 1 0 |a Faith-based perspectives on the provision of community services :  |b hearing before the Subcommittee on Criminal Justice, Drug Policy and Human Resources of the Committee on Government Reform, House of Representatives, One Hundred Eighth Congress, first session, December 10, 2003. 
264 1 |a Washington :  |b U.S. G.P.O. :  |c 2004. 
264 2 |a Washington :  |b For sale by the Supt. of Docs., U.S. G.P.O., 
300 |a 1 online resource. 
336 |a text  |b txt  |2 rdacontent 
337 |a computer  |b c  |2 rdamedia 
338 |a online resource  |b cr  |2 rdacarrier 
500 |a Reuse of record except for individual research requires license from ProQuest, LLC. 
500 |a "Printed for the use of the Committee on Government Reform." 
500 |a Shipping list number: 2004-0259-P. 
500 |a Distributed to some depository libraries in microfiche. 
500 |a "Serial number 108-148." 
530 |a Also available via Internet from the GPO Access web site. Address as of 9/3/04: http://frwebgate.access.gpo.gov/cgi-bin/getdoc.cgi?dbname=108%5Fhouse%5Fhearin- gs&docid=f:94006.pdf; current access is available via PURL. 
500 |a Electronic resource. 
538 |a System requirements: PDF reader software. 
650 0 |a Church charities  |z United States. 
650 0 |a Church and social problems  |z United States. 
650 0 |a Federal aid to human services  |z United States. 
650 0 |a Social service  |z United States  |x Religious aspects. 
655 7 |a Electronic books.  |2 local 
710 2 |a ProQuest (Firm) 
776 0 8 |i Print version:   |a United States.Congress.House.Committee on Government Reform.Subcommittee on Criminal Justice, Drug Policy, and Human Resources.  |t Faith-based perspectives on the provision of community services  |w (DLC)2004438897  |w (OCoLC)ocm56205542 
776 0 8 |i Microfiche version:   |a United States.Congress.House.Committee on Government Reform.Subcommittee on Criminal Justice, Drug Policy, and Human Resources.  |t Faith-based perspectives on the provision of community services  |d [Bethesda, Md.] : ProQuest LLC, [2004]  |o CIS 2004 H401-94  |w (ProQuest)cis00400763 
830 0 |a U.S. Congressional Hearings. 
856 4 0 |u http://proxy.library.tamu.edu/login?url=https://congressional.proquest.com/congcomp/getdoc?HEARING-ID=HRG-2004-HJH-0041  |z Connect to the full text of this electronic book  |t 0 
998 |a cis00400763 
999 |a MARS 
999 f f |s 6a7fbea2-7187-3f92-bb38-53d451027f2c  |i c97837c9-6fbf-35d0-80d3-45ea04f368d9  |t 0 
952 f f |a Texas A&M University  |b College Station  |c Electronic Resources  |s www_evans  |d Available Online  |t 0  |e HRG-2004-HJH-0041  |h Other scheme 
998 f f |a HRG-2004-HJH-0041  |t 0  |l Available Online